000 00495nam a22001695i 4500
001 22067891
005 20220425005106.0
008 170823s2017 pe 000 0 spa
040 _cCAAAP
041 _aspa
050 _aKHQ3305
_bA68
245 0 0 _aÁreas Naturales Protegidas /
_cOswaldo Sandoval Aguirre, editor
260 _aLima:
_bALI Arte Gráfico,
_c1997
300 _a113 p.;
_c21 cm.
650 0 _95334
_aÁreas naturales
_xDerecho y legislación
_zPeru
942 _2lcc
_bDD - MM - AA
_cBK
999 _c3836
_d3836